|
|
|
|
| LEADER |
00000nab a2200000 a 4500 |
| 001 |
vtls000856458 |
| 003 |
SK-MaSNL |
| 005 |
20260304235231.0 |
| 008 |
250429c2003 xo 0 slo |
| 015 |
|
|
|a SNBRB2003/12-ccccc
|
| 035 |
|
|
|a CLN000208113
|
| 035 |
|
|
|a urn:nbn:sk:snk-ab94pc
|
| 035 |
|
|
|a (urnnbn)urn:nbn:sk:snk:ar-006lvt
|
| 035 |
|
|
|a (uuid)c601998e-24c7-4b66-915d-3b9b0f3f9d6d
|
| 040 |
|
|
|a SNKBUCL
|b slo
|c SNKBUCL
|e AACR2
|
| 041 |
0 |
|
|a cze
|
| 044 |
|
|
|a xo
|c SK
|
| 080 |
|
|
|a 615.382:616.8
|2 1997
|
| 100 |
1 |
|
|a Pták, Jan,
|d 1950-
|4 aut
|9 116152
|
| 245 |
1 |
0 |
|a Léčebná výměnná plazmaferéza a její praktické využití v neurologii
|c Jan Pták
|
| 300 |
|
|
|b Grafy
|
| 504 |
|
|
|a Res. čes.
|
| 504 |
|
|
|a Bibliogr. odkazy
|
| 650 |
0 |
7 |
|a plazmaferéza
|2 MESH
|9 18391
|
| 650 |
0 |
7 |
|a choroby nervového systému
|2 MESH
|9 24860
|
| 650 |
0 |
7 |
|a choroby autoimunitné
|2 MESH
|9 845673
|
| 650 |
0 |
7 |
|a myasthenia gravis
|2 MESH
|9 431300
|
| 650 |
0 |
7 |
|a Guillainov-Barrého syndróm
|2 MESH
|9 588262
|
| 650 |
0 |
7 |
|a Lambertov-Eatonov myastenický syndróm
|2 MESH
|9 1074882
|
| 650 |
0 |
7 |
|a roztrúsená skleróza
|2 MESH
|9 117925
|
| 655 |
|
7 |
|a články z novín a časopisov
|2 snkbucl
|9 267496
|
| 773 |
0 |
|
|t Neurológia pre prax
|g Roč. 4, č. 3 (2003), s. 147-151
|x 1335-9592
|
| 850 |
|
|
|a Slovenská národná knižnica
|
| 852 |
|
|
|a Slovenská národná knižnica
|
| 954 |
|
|
|a odborná, vedecká literatúra pôvodná (slovenská)
|2 lita
|
| 954 |
|
|
|a odborná, vedecká literatúra cudzojazyčná (svetová)
|2 lita
|
| 958 |
|
|
|a article13
|
| 958 |
|
|
|a MI
|
| 958 |
|
|
|a NB
|
| 958 |
|
|
|a OND
|
| 958 |
|
|
|a EUIPO
|
| 999 |
|
|
|c 3208113
|d 3210043
|